Biblioteca

Cuentos y caciones favoritas 1 y 2 (Registro nro. 49115)

Detalles MARC
000 -LÍDER
Campo fijo de descripción fija 002200000a22001090004500
082 04 - NÚMERO DE CLASIFICACIÓN DECIMAL DEWEY
Número de clasificación CD 110
001 - NÚMERO DE CONTROL
Campo de control 1964
245 10 - TÍTULO
Título del Material Cuentos y caciones favoritas 1 y 2
260 ## - PUBLICACIÓN, DISTRIBUCIÓN, ETC. (PIE DE IMPRENTA)
Lugar de publicación, distribución, etc. : Zamora
942 ## - TIPO DE MATERIAL (KOHA)
Tipo de Item KOHA Z- Libro General BINCO
Existencias
Estado de Material Estado de Perdido Volumen-Parte/Tomo Estado de Dañado No para Préstamo Tomo Biblioteca de Origen Biblioteca Permanente Fecha de Adquisición Total de Préstamos Signatura Topográfica Código de Barras Última vez visto Ejemplar/Existencia Fecha de Remplazo Tipo de Material
    1       Biblioteca Infantil Comunitaria BINCO Biblioteca Infantil Comunitaria BINCO 16/06/2009   CD 110 B32577 24/11/2016 1 26/01/2016 Z- Libro General BINCO
    2       Biblioteca Infantil Comunitaria BINCO Biblioteca Infantil Comunitaria BINCO 08/11/2010   CD 110 B32835 24/11/2016 2 26/01/2016 Z- Libro General BINCO
    1       Biblioteca Infantil Comunitaria BINCO Biblioteca Infantil Comunitaria BINCO 08/11/2010   CD 110 B32834 31/07/2025 2 26/01/2016 Z- Libro General BINCO
    2       Biblioteca Infantil Comunitaria BINCO Biblioteca Infantil Comunitaria BINCO 16/06/2009   CD 110 B32578 24/11/2016 1 26/01/2016 Z- Libro General BINCO

Biblioteca FUSBC | Teléfono: (57+4) 349 88 10 Ext. 141| WhatsApp (+57) 3005338115 
E-mail: biblioteca@unisbc.edu.co | Calle 76 87-14 Robledo Palenque, Medellín, Colombia

Con tecnología Koha